000 01230cam a2200361 i 4500
001 50604216
003 OCoLC
005 20240925081522.0
008 020910s2002 sp g b 001 0 spa d
020 _a8481695807
020 _a9788481695809
040 _aPL#
_bspa
_erda
_cCO-MdFUSB
_dNYP
_dMBB
_dOCLCQ
_dI5B
_dOCLCQ
_dOCLCO
_dCAP
041 _aspa
082 _224
_aR 296.14
_bP9449
100 1 _aMartin Contreras, Elvira.
_eautor
245 1 3 _aLa interpretación de la creación
_b: técnicas exegéticas en Génesis Rabbah
_c/ Elvira Martin Contreras
264 1 _aEstella, Navarra :
_bEditorial Verbo Divino,
_c[2002]
264 4 _c©2002
300 _a244 páginas ;
_c24 cm.
336 _2rdacontent.
_atexto
_btxt
337 _2rdamedia.
_asin mediación
_bn
338 _2rdacarrier.
_avolumen
_bnc
490 1 _aBiblioteca midrasica ;
501 _aIncluye índices (páginas 227- 244)
504 _aBibliografía (páginas 213- 224)
505 _aReglas exegéticas -- Reglas comparativas -- Comentarios textuales -- Conclusiones Generales
653 _aGenesis
653 _aExegesis
830 0 _aBiblioteca midrasica ;
_v24.
942 _cBK
945 _aEstudiante
999 _c64924
_d64924